Вып. 9: пер. с фр., нем.; По Советскому Союзу. Зарубежные авторы; Об ускорении в СССР; Поездка в страну, которую мы мало знаем

Detaylı Bibliyografya
Parent link:По Советскому Союзу. Зарубежные авторы: сборник. Вып. 9.— , 1979-1987
Dil:Rusça
Baskı/Yayın Bilgisi: 1987
TOC:Ж. Стрейф, Об ускорении в СССР;
Б. Манфред, Поездка в страну, которую мы мало знаем;
Konular:
Materyal Türü: Kitap
KOHA link:https://koha.lib.tpu.ru/cgi-bin/koha/opac-detail.pl?biblionumber=256522

MARC

LEADER 00000nam2a2200000 4500
001 256522
005 20231101233125.0
035 |a (RuTPU)RU\TPU\book\279226 
035 |a RU\TPU\book\288534 
090 |a 256522 
100 |a 20140626d1987 m y0rusy50 ca 
101 2 |a rus  |c fre  |c ger 
102 |a RU 
105 |a a z 000zy 
200 0 |a Вып. 9  |e пер. с фр., нем. 
210 |d 1987 
215 |a 188 с.  |c ил. 
461 1 |0 (RuTPU)RU\TPU\book\139834  |t По Советскому Союзу. Зарубежные авторы  |o сборник  |v Вып. 9  |d 1979-1987  |s Свидетельства об СССР 
464 |t Об ускорении в СССР  |o пер. с фр.  |f Ж. Стрейф 
464 |t Поездка в страну, которую мы мало знаем  |o пер. с нем.  |f Б. Манфред 
512 1 |a Зарубежные авторы по Советскому Союзу 
606 1 |a СССР  |x История  |z 1945-1991  |2 stltpush  |3 (RuTPU)RU\TPU\subj\66810  |9 82833 
606 1 |a Экономика  |x СССР  |2 stltpush  |3 (RuTPU)RU\TPU\subj\37359  |9 58390 
606 1 |a Советское общество  |x Политическая организация  |2 stltpush  |3 (RuTPU)RU\TPU\subj\55426  |9 73460 
610 1 |a общество 
610 1 |a экономика 
610 1 |a политика 
610 1 |a культура 
610 1 |a национальные отношения 
610 1 |a образ жизни 
610 1 |a русские 
610 1 |a 20 век 
610 1 |a СССР 
610 1 |a советский народ 
610 1 |a отзывы 
610 1 |a иностранцы 
686 |a У9(2)0  |2 rubbk 
686 |a Ф3(2)12  |2 rubbk 
801 0 |a RU  |b RuMRKP  |c 19950417  |g psbo 
801 1 |a RU  |b 63413507  |c 20140409 
801 2 |a RU  |b 63413507  |c 20211118  |g RCR 
942 |c BK